Największe Miasto w krajach - Statystyki

Ogólne statystyki
  • Ten quiz został rozwiązany 23 razy
  • Średni wynik to 12 z 15
Statystyki odpowiedzi
Kraj Największe Miasto % Poprawnych
Niemcy Berlin
96%
Ukraina Kijów
96%
Łotwa Ryga
91%
Portugalia Lizbona
87%
Wielka Brytania Londyn
87%
Hiszpania Madryt
87%
Litwa Wilno
87%
Finlandia Helsinki
83%
Norwegia Oslo
83%
Włochy Rzym
83%
Węgry Budapeszt
78%
Grecja Ateny
74%
Szwecja Sztokholm
74%
Polska Gdańsk
70%
Dania Kopenhaga
70%
Nie znaleziono quizów pasujących do podanych kryteriów
Rozkład punktacji
Procent ludzi z każdym wynikiem
Percentyl według liczby udzielonych odpowiedzi
Twoja historia wyników
Nie rozwiązałeś tego quizu